[Event "33rd Leon Blitz Open 2020"]
[Site "chess.com INT"]
[Date "2020.07.14"]
[Round "3"]
[White "Abdusattorov, Nodirbek"]
[Black "Yanchenko, Roman"]
[Result "1/2-1/2"]
[WhiteTitle "GM"]
[BlackTitle "FM"]
[WhiteElo "2627"]
[BlackElo "2467"]
[WhiteFideId "14204118"]
[BlackFideId "4137329"]
[EventDate "2020.07.14"]
[EventType "blitz"]

1. e4 e6 2. d4 d5 3. Nc3 Bb4 4. Ne2 b6 5. a3 Bxc3+ 6. Nxc3 Nf6 7. Bg5 dxe4 8.
Nxe4 Bb7 9. Bb5+ Ke7 10. Nxf6 gxf6 11. Bh4 Qd5 12. Qd3 a6 13. Bc4 Qe4+ 14. Qxe4
Bxe4 15. O-O-O Bxg2 16. Rhg1 Bf3 17. Rde1 b5 18. Bb3 c6 19. Rg7 Bd5 20. Bxd5
cxd5 21. f4 Nc6 22. f5 Nxd4 23. fxe6 Nxe6 24. Rg3 Rhg8 25. Rf3 Rg6 26. Rf5 Rd8
27. Ref1 Rd7 28. Rxf6 Rxf6 29. Bxf6+ Kd6 30. Kd2 Nc5 31. Ke3 Ke6 32. Bd4 Ne4 33.
Rg1 Rc7 34. c3 Nd6 35. Kf4 f6 36. h4 Kf7 37. Kf3 Re7 38. Bc5 Re6 39. Rd1 Nc4 40.
Rxd5 Nxb2 41. h5 Re5 42. Rd7+ Ke8 43. Rc7 Rxh5 44. Bd4 Nc4 45. a4 Ne5+ 46. Ke4
bxa4 47. Kd5 Nf3+ 48. Ke6 Nxd4+ 49. cxd4 Kd8 50. Ra7 f5 51. d5 Rh6+ 52. Ke5 f4
53. d6 f3 54. Ra8+ Kd7 55. Ra7+ Kc6 56. Rxa6+ Kd7 57. Ra7+ Kd8 58. Ra8+ Kd7 59.
Ra7+ Kd8 60. Rxa4 f2 61. Rf4 Rh5+ 62. Ke6 Rh6+ 63. Kd5 Rh1 64. Rxf2 Rd1+ 65. Kc6
Rc1+ 66. Kd5 Rd1+ 67. Ke6 Re1+ 68. Kd5 Rd1+ 1/2-1/2

[Event "33rd Leon Blitz Open 2020"]
[Site "chess.com INT"]
[Date "2020.07.14"]
[Round "3"]
[White "Abdrlauf, Elham"]
[Black "Pham, Le Thao Nguyen"]
[Result "0-1"]
[WhiteTitle "FM"]
[BlackTitle "IM"]
[WhiteElo "2367"]
[BlackElo "2366"]
[WhiteFideId "1533533"]
[BlackFideId "12401226"]
[EventDate "2020.07.14"]
[EventType "blitz"]

1. e4 c5 2. Nf3 e6 3. c3 d5 4. exd5 Qxd5 5. d4 Nf6 6. Be2 Nc6 7. Na3 Qd8 8. O-O
cxd4 9. Nb5 a6 10. Nbxd4 Nxd4 11. Nxd4 Be7 12. Bf3 O-O 13. a4 e5 14. Nc2 Qc7 15.
Bg5 Be6 16. Re1 Bb3 17. Qe2 h6 18. Bh4 Rfe8 19. Bg3 Bd6 20. Be4 Rad8 21. Nb4
Bxb4 22. cxb4 Nxe4 23. Qxe4 f6 24. Rac1 Qd7 25. a5 Bd5 26. Qe3 Bc6 27. f3 Qd2
28. Qc3 Rd3 29. Qc2 Red8 30. Bf2 Qg5 31. Qc4+ Kh8 32. Qg4 Qxg4 33. fxg4 Rd2 34.
b3 Rb2 35. Rcd1 Rxd1 36. Rxd1 Rxb3 37. Bc5 Rb2 38. Rd8+ Kh7 39. h3 Rxg2+ 40. Kf1
h5 41. gxh5 Rg5 42. h6 Kxh6 43. Be3 Kg6 44. Bxg5 Kxg5 45. Kf2 Kf5 46. Ke3 g5 47.
Rd2 Kg6 48. Rd6 Kf5 49. Kf2 e4 50. Rd8 Kf4 51. Rd4 f5 52. Rc4 g4 53. hxg4 Kxg4
54. Ke3 f4+ 55. Kf2 e3+ 56. Ke1 Kg3 57. Rc3 Kf3 58. Rc5 Ke4 59. Rc4+ Ke5 60. Kd1
f3 61. Rh4 Bb5 62. Rh5+ Kf4 63. Rh8 f2 64. Rf8+ Ke4 65. Re8+ Bxe8 0-1

[Event "33rd Leon Blitz Open 2020"]
[Site "chess.com INT"]
[Date "2020.07.14"]
[Round "3"]
[White "Schwabeneder, Florian"]
[Black "Perez Molina, Robinson"]
[Result "1/2-1/2"]
[WhiteTitle "IM"]
[BlackTitle "FM"]
[WhiteElo "2431"]
[BlackElo "2240"]
[WhiteFideId "1626191"]
[BlackFideId "3403882"]
[EventDate "2020.07.14"]
[EventType "blitz"]

1. e4 e5 2. Nf3 Nc6 3. Bb5 a6 4. Ba4 Nf6 5. d3 b5 6. Bb3 Bd6 7. c3 O-O 8. Nbd2
Re8 9. Nf1 Na5 10. Bc2 c5 11. Bg5 Nc6 12. Ne3 Be7 13. O-O h6 14. Bxf6 Bxf6 15.
a4 Rb8 16. axb5 axb5 17. Nd5 g6 18. g3 Bg7 19. Nh4 b4 20. Bb3 bxc3 21. bxc3 d6
22. Ng2 Ne7 23. Nge3 Be6 24. Bc4 Kh7 25. Ra7 Bxd5 26. Nxd5 Nxd5 27. Bxd5 Re7 28.
Qa4 Bf6 29. Bxf7 Kg7 30. Bd5 Rb2 31. Kg2 Rxa7 32. Qxa7+ Qe7 33. Qa3 Rb8 34. Ra1
h5 35. Qc1 Bg5 36. Qd1 Rb2 37. Ra2 Rxa2 38. Bxa2 Qa7 39. Qb3 Bf6 40. h4 Qe7 41.
Qg8+ Kh6 42. Bc4 Qg7 43. Qe6 Qe7 44. Qc8 Qd8 45. Qc6 Kg7 46. Be6 Qe7 47. Qd5 Qd8
48. Kh3 Qe7 49. Qc4 Qd8 50. Bd5 Qe7 51. Kg2 Qd8 52. Qa6 Qe7 53. Qc6 Qd8 54. Bb3
Qe7 55. Qd5 Kh6 56. Bd1 Kg7 57. Be2 Kh6 58. Qa8 Qd8 59. Qxd8 Bxd8 60. Bd1 Ba5
61. c4 Bd2 62. Ba4 g5 63. hxg5+ Kxg5 64. Kh3 Be1 65. Kg2 h4 66. gxh4+ Kxh4 67.
Kf3 Kg5 68. Bd7 Kh4 69. Bf5 Kg5 70. Ke2 1/2-1/2

[Event "33rd Leon Blitz Open 2020"]
[Site "chess.com INT"]
[Date "2020.07.14"]
[Round "3"]
[White "Rychagov, Andrey"]
[Black "Osmak, Iulija"]
[Result "1/2-1/2"]
[WhiteTitle "GM"]
[BlackTitle "IM"]
[WhiteElo "2545"]
[BlackElo "2438"]
[WhiteFideId "4119932"]
[BlackFideId "14101602"]
[EventDate "2020.07.14"]
[EventType "blitz"]

1. d4 d5 2. c4 dxc4 3. Nf3 c6 4. a4 Nf6 5. e3 Be6 6. Qc2 Na6 7. Bxc4 Nb4 8. Qb3
Bxc4 9. Qxc4 e6 10. O-O Be7 11. Bd2 a5 12. Nc3 O-O 13. e4 Qb6 14. Rad1 Rfd8 15.
Bg5 h6 16. Bh4 Re8 17. Rd2 Rad8 18. Rfd1 Qa6 19. Qb3 Nd7 20. Bg3 Nb6 21. Bc7 Rd7
22. Bxb6 Qxb6 23. Ne5 Rdd8 24. Nc4 Qa6 25. Ne2 Bf6 26. f4 b5 27. Ne3 Qa7 28. Kh1
Rd7 29. e5 Be7 30. axb5 cxb5 31. f5 a4 32. Qa3 Nd5 33. Qd3 Nxe3 34. Qxe3 Bg5 35.
Nf4 exf5 36. Qg3 b4 37. h4 Bxf4 38. Qxf4 Rd5 39. Qxf5 Red8 40. Rf1 a3 41. bxa3
bxa3 42. Rff2 Rxd4 43. Rxd4 Rxd4 44. Qc8+ Kh7 45. Qf5+ Kg8 46. e6 Rd1+ 47. Kh2
Qc7+ 48. g3 fxe6 49. Qxe6+ Kh7 50. Qe4+ Kg8 51. Qe6+ Kh7 52. Qe4+ Kg8 53. Qa8+
Kh7 54. Qxa3 Rd6 55. Qf3 Rf6 56. Qe4+ Kh8 57. Rxf6 gxf6 58. Qg6 Qg7 59. Qe8+ Kh7
60. Kh3 Qg6 61. Qe7+ Qg7 62. Qe4+ Qg6 63. Qg4 h5 64. Qd7+ Kh6 65. Qd2+ Kg7 1/2-1/2

[Event "33rd Leon Blitz Open 2020"]
[Site "chess.com INT"]
[Date "2020.07.14"]
[Round "3"]
[White "Khachatryan, Anna"]
[Black "Srihari, L R"]
[Result "0-1"]
[WhiteTitle "WFM"]
[BlackTitle "FM"]
[WhiteElo "2071"]
[BlackElo "2414"]
[WhiteFideId "13310780"]
[BlackFideId "46617116"]
[EventDate "2020.07.14"]
[EventType "blitz"]

1. d4 d6 2. Nf3 Nf6 3. c4 Nbd7 4. Nc3 e5 5. Bg5 Be7 6. e3 O-O 7. Be2 c6 8. O-O
e4 9. Nd2 d5 10. cxd5 cxd5 11. Rc1 a6 12. Qb3 b5 13. Nxd5 Rb8 14. Nxe7+ Qxe7 15.
Rc7 Re8 16. Rfc1 Qf8 17. Bg4 Nxg4 18. Bf4 Ngf6 19. R7c6 Rb6 20. Bd6 Qxd6 21.
Rxd6 Rxd6 22. Qa3 Rb6 23. Nb3 Bb7 24. Qa5 Nd5 25. h3 g6 26. Nc5 Nxc5 27. Rxc5
Rd6 28. Qa3 Rd7 29. Qa5 f5 30. a4 b4 31. Rc4 Kf7 32. b3 Ke6 33. Qc5 Rc8 34. Qa7
Rdc7 35. Rxc7 Rxc7 36. Qb8 Kd7 37. Qg8 Kd6 38. Qd8+ Rd7 39. Qf8+ Kc7 40. Qc5+
Kb8 41. Qf8+ Bc8 42. h4 Rb7 43. Qd6+ Nc7 44. Qe7 Ne6 45. Qd6+ Ka7 46. d5 Nc7 47.
Qc5+ Kb8 48. d6 Ne6 49. Qe5 Bd7 50. Qh8+ Ka7 51. Qe5 Kb6 52. g4 fxg4 53. Qxe4 a5
54. Qxg4 Nc5 55. Qf3 Nxb3 56. e4 Nc5 57. e5 b3 58. Qc3 Bxa4 59. Qd4 Kc6 60. e6
b2 61. e7 b1=Q+ 62. Kh2 Rb8 63. d7 Nxd7 64. Qxa4+ Qb5 65. Qe4+ Qd5 66. e8=Q Rxe8
67. Qxe8 Qe5+ 0-1

[Event "33rd Leon Blitz Open 2020"]
[Site "chess.com INT"]
[Date "2020.07.14"]
[Round "3"]
[White "Palchuk, Andrii"]
[Black "Sammed Jaykumar, Shete"]
[Result "1-0"]
[WhiteTitle "FM"]
[BlackTitle "IM"]
[WhiteElo "2183"]
[BlackElo "2412"]
[WhiteFideId "14176688"]
[BlackFideId "5073421"]
[EventDate "2020.07.14"]
[EventType "blitz"]

1. e4 c5 2. Nf3 d6 3. c3 Nf6 4. h3 g6 5. Bd3 Bg7 6. O-O O-O 7. Bc2 Nc6 8. d4 d5
9. exd5 Qxd5 10. dxc5 Qxc5 11. Be3 Qa5 12. Nbd2 Rd8 13. Qe2 Qh5 14. Rfe1 Be6 15.
Bb3 Bxb3 16. axb3 e5 17. Nc4 e4 18. Nd4 Qd5 19. Nxc6 Qxc6 20. Rxa7 Rxa7 21. Bxa7
b5 22. Ne3 Rd3 23. Bd4 h5 24. Nf1 Rxd4 25. cxd4 Qd5 26. Qe3 Kh7 27. Ng3 Bh6 28.
Qc3 h4 29. Nf1 Nh5 30. Qc5 Qxb3 31. d5 Qxb2 32. d6 Bf8 33. Qd5 Nf6 34. Qxf7+ Bg7
35. d7 Qd4 36. Rb1 Nxd7 37. Rxb5 Ne5 38. Qd5 Qxd5 39. Rxd5 Nd3 40. Nd2 Nf4 41.
Rd7 e3 42. fxe3 Ne6 43. Nf3 Kh6 44. Nxh4 Bf6 45. Nf3 Nc5 46. Rd6 Be7 47. Rd5 Kg7
48. Nd4 Kf7 49. Kf2 Ne4+ 50. Kf3 Nf6 51. Rb5 Bd6 52. Rb7+ Kf8 53. Ne6+ Ke8 54.
Rg7 Be5 55. Ng5 Kf8 56. Rxg6 Ba1 57. Rh6 Kg7 58. Rh4 Kg6 59. Ne4 Nd7 60. Ng3
Ne5+ 61. Ke2 Nf7 62. Ra4 Be5 63. Ne4 Kf5 64. Nf2 Ke6 65. Nd3 Bg3 66. Kf3 Bd6 67.
Nf4+ Kf5 68. Ra5+ Ne5+ 69. Ke2 Ke4 70. Ra4+ Kf5 71. g4+ Kf6 72. Nd3 Ng6 73. Ra6
Ke7 74. g5 Nh4 75. Nf2 Bg3 76. Ne4 Be5 77. Rh6 Nf5 78. Rh7+ Ke6 79. h4 1-0

[Event "33rd Leon Blitz Open 2020"]
[Site "chess.com INT"]
[Date "2020.07.14"]
[Round "3"]
[White "Elgersma, Onno"]
[Black "Henderson de La Fuente, Lance"]
[Result "0-1"]
[WhiteTitle "FM"]
[BlackTitle "GM"]
[WhiteElo "2298"]
[BlackElo "2491"]
[WhiteFideId "1053531"]
[BlackFideId "32096585"]
[EventDate "2020.07.14"]
[EventType "blitz"]

1. e4 e6 2. d4 d5 3. Nc3 Bb4 4. e5 c5 5. a3 Ba5 6. Qg4 Kf8 7. dxc5 Bxc3+ 8. bxc3
Nd7 9. Nf3 Qc7 10. Qg3 Nxc5 11. Nd4 Ne4 12. Qe3 Qxc3+ 13. Qxc3 Nxc3 14. Bd2 Na4
15. Bb4+ Ne7 16. Bb5 Nb6 17. O-O Bd7 18. a4 a6 19. Bxd7 Nxd7 20. f4 Rc8 21. a5
Ke8 22. f5 Nxf5 23. Nxf5 exf5 24. Rxf5 Rxc2 25. Raf1 f6 26. exf6 Nxf6 27. Re5+
Kf7 28. Be7 d4 29. Bxf6 gxf6 30. Rd5 Re8 31. Rd7+ Re7 32. Rxd4 Ree2 33. Rg4 Rc5
34. Rb1 Rxa5 35. Rxb7+ Ke6 36. Rb1 Rae5 37. Kf1 Ra2 38. Rh4 h5 39. h3 Rf5+ 40.
Ke1 a5 41. Re4+ Kf7 42. Re2 Rxe2+ 43. Kxe2 Kg6 44. Ra1 h4 45. Ke3 Kg5 46. Ra4
Rb5 47. Kf3 Rb3+ 48. Kf2 Rb2+ 49. Kf3 Rb3+ 50. Kf2 Rb5 51. Kf3 f5 52. Ra2 Rb3+
53. Kf2 Rb5 54. Ra4 Rc5 55. Kf3 f4 56. Ke4 Rb5 57. Kf3 Rb3+ 58. Kf2 Rb5 59. Kf3
Rc5 60. Ke4 Rf5 61. Kf3 Rb5 62. Kf2 Kf5 63. Kf3 Rb3+ 64. Kf2 Rb5 65. Kf3 Ke5 66.
Re4+ Kd5 67. Rxf4 Rb3+ 68. Kg4 Rb4 69. g3 Rxf4+ 70. gxf4 a4 71. Kg5 a3 72. f5 a2
73. f6 a1=Q 0-1

[Event "33rd Leon Blitz Open 2020"]
[Site "chess.com INT"]
[Date "2020.07.14"]
[Round "3"]
[White "Eswaran, Ashritha"]
[Black "Wagh, Suyog"]
[Result "1-0"]
[WhiteTitle "WIM"]
[BlackTitle "FM"]
[WhiteElo "2244"]
[BlackElo "2246"]
[WhiteFideId "2080788"]
[BlackFideId "25071688"]
[EventDate "2020.07.14"]
[EventType "blitz"]

1. e4 c6 2. d4 d5 3. Nc3 dxe4 4. Nxe4 Nf6 5. Nxf6+ exf6 6. c3 Bd6 7. Bd3 O-O 8.
Qc2 Re8+ 9. Ne2 h5 10. Be3 Nd7 11. O-O-O Nf8 12. Kb1 Be6 13. h3 h4 14. c4 Rc8
15. Nc3 a6 16. c5 Bc7 17. Rhg1 Ng6 18. Bxg6 fxg6 19. Qxg6 Qd7 20. Ka1 Ba5 21.
Ne4 Rf8 22. Nd6 Rb8 23. Bd2 Bc7 24. Bf4 Rbd8 25. Rge1 Bxd6 26. Bxd6 Rfe8 27. Qh5
g5 28. f4 Bf7 29. Qf3 Rxe1 30. Rxe1 Re8 31. Re3 Bd5 32. Qe2 Kf7 33. fxg5 Rxe3
34. Qxe3 fxg5 35. Qxg5 Qe6 36. Qf4+ Kg6 37. Qf2 Qe4 38. Be5 Qf5 39. Qe2 Qg5 40.
Qc2+ Kh6 41. Bd6 Qg6 42. Bf8+ Kh7 43. Qf2 Qh5 44. b3 Kg8 45. Kb2 Qg5 46. Bd6
Bxg2 47. Qf8+ Kh7 48. Qf7+ Qg7 49. Qh5+ Qh6 50. Qf5+ Qg6 51. Qd7+ Qg7 52. Qf5+
Qg6 53. Qf2 Qg5 54. Be5 Bd5 55. Qc2+ Qg6 56. Qf2 Qg5 57. Bf6 Qg2 58. Bxh4 Qxh3
59. Bg3 Qe6 60. Qh2+ Kg8 61. Be5 Qg6 62. Qh8+ Kf7 63. Qh2 Ke6 64. Ka3 Qg5 65.
Qh3+ Ke7 66. Bd6+ Kf7 67. Qd7+ Kg6 68. Qe8+ Kh7 69. Qd7+ Qg7 70. Be7 Kg6 71.
Qxb7 Qxd4 72. Bd6 1-0

[Event "33rd Leon Blitz Open 2020"]
[Site "chess.com INT"]
[Date "2020.07.14"]
[Round "3"]
[White "Bauer, Christian"]
[Black "Boyer, Mahel"]
[Result "1-0"]
[WhiteTitle "GM"]
[BlackTitle "FM"]
[WhiteElo "2623"]
[BlackElo "2294"]
[WhiteFideId "603767"]
[BlackFideId "45102422"]
[EventDate "2020.07.14"]
[EventType "blitz"]

1. d4 e5 2. dxe5 Nc6 3. Nf3 d6 4. Bg5 Qd7 5. e4 dxe5 6. Nc3 f6 7. Be3 Qxd1+ 8.
Rxd1 Bb4 9. Bc4 Bg4 10. O-O Bxc3 11. bxc3 Rd8 12. Rxd8+ Kxd8 13. Nd2 Nge7 14. f3
Bd7 15. Nb3 b6 16. Rd1 Nc8 17. a4 Nd6 18. Bb5 Ke7 19. c4 Rd8 20. c5 Nb7 21. Ba6
Nba5 22. Ra1 Be6 23. Rb1 Nb4 24. cxb6 cxb6 25. Nxa5 bxa5 26. Be2 Nxc2 27. Bxa7
Nd4 28. Bf1 Bd7 29. Rb7 Ke8 30. Bb6 Rc8 31. Bxa5 Ra8 32. Bb4 Rxa4 33. Rb8+ Kf7
34. Bc5 Ra1 35. Kf2 Ra2+ 36. Kg3 Ne2+ 37. Bxe2 Rxe2 38. Rb7 Ke8 39. Rb8+ Kf7 40.
Rf8+ Kg6 41. Rd8 Bb5 42. Rb8 Bd3 43. Rb7 Bc4 44. Bf8 Bf7 45. h4 h5 46. Rc7 Ra2
47. Kh3 Ra8 48. Be7 Be6+ 49. Kg3 Rc8 50. Rb7 Re8 51. Kf2 Rc8 52. Bd6 Rc2+ 53.
Kg3 Rc8 54. Kh2 Rd8 55. Bc5 Rc8 56. Bb4 Re8 57. g3 Rc8 58. f4 Rc2+ 59. Kg1 exf4
60. gxf4 Bc8 61. Ra7 Rc4 62. f5+ Kh7 63. Bf8 Rxe4 64. Rxg7+ Kh8 65. Rc7 Rg4+ 66.
Kf2 Bxf5 67. Be7 Kg7 68. Rc6 Be4 69. Rxf6 Bg6 70. Rb6 Kh7 71. Bg5 Re4 72. Kf3
Re8 73. Rb7+ Kg8 74. Rc7 Rf8+ 75. Ke3 Rf7 76. Rc6 Kh7 77. Bf6 Bf5 78. Kf4 Bg6
79. Kg5 Rb7 80. Be5 Rf7 81. Rxg6 Re7 82. Rh6+ Kg8 83. Rh8+ Kf7 84. Rh7+ 1-0

[Event "33rd Leon Blitz Open 2020"]
[Site "chess.com INT"]
[Date "2020.07.14"]
[Round "3"]
[White "Puranik, Abhimanyu"]
[Black "Melkumyan, Hrant"]
[Result "1-0"]
[WhiteTitle "GM"]
[BlackTitle "GM"]
[WhiteElo "2584"]
[BlackElo "2663"]
[WhiteFideId "5061245"]
[BlackFideId "13302485"]
[EventDate "2020.07.14"]
[EventType "blitz"]

1. e4 c5 2. Nc3 Nc6 3. Bb5 Nd4 4. Nf3 a6 5. Bd3 Nc6 6. O-O d6 7. a3 Nf6 8. h3 g6
9. b3 Bg7 10. Bb2 O-O 11. Re1 e5 12. b4 cxb4 13. axb4 Nxb4 14. Bc4 Be6 15. Bxe6
fxe6 16. d4 Nc6 17. d5 exd5 18. Nxd5 Rc8 19. Ng5 Qe8 20. Ba3 Nd4 21. Bxd6 Nxd5
22. exd5 Rf5 23. c3 Nb5 24. Ne4 Qd7 25. Bb4 Rf4 26. d6 Rd8 27. Qd3 h6 28. Rad1
Kh7 29. g3 Rf5 30. h4 Qc6 31. d7 Rf7 32. h5 Rfxd7 33. hxg6+ Kh8 34. Qf3 Rxd1 35.
Rxd1 Rxd1+ 36. Qxd1 Qxg6 37. Qd8+ Kh7 38. Qd3 Nc7 39. Bd6 Ne6 40. Qd5 Nf4 41.
Qxb7 Nh3+ 42. Kf1 Ng5 43. Nxg5+ Qxg5 44. Qxa6 Qc1+ 45. Kg2 Qxc3 46. Qb7 Qd4 47.
Bf8 e4 48. Bxg7 Qxg7 49. Qxe4+ Kh8 50. Qa8+ Kh7 51. Qe4+ Kh8 52. Kh3 Qd7+ 53.
Qg4 Qb7 54. Qd4+ Kh7 55. Qd3+ Kh8 56. Kh2 Qf7 57. f4 Qh5+ 58. Kg2 Qf7 59. Qd4+
Kh7 60. Qe4+ Kg7 61. Kh3 Qh5+ 62. Kg2 Qf7 63. g4 Qa2+ 64. Kg3 Qb3+ 65. Qf3 Qb1
66. Qe3 Qh1 67. f5 Qa1 68. Qe7+ Kg8 69. Qe8+ Kg7 70. Qg6+ Kh8 71. Qxh6+ Kg8 72.
Qe3 Kf7 73. g5 Qa5 74. Qe6+ Kg7 75. Qe7+ Kh8 76. Kg4 Qd2 77. Qe4 Qh2 78. Qe8+
Kg7 79. f6+ Kh7 80. Qf7+ Kh8 81. Qg7# 1-0

[Event "33rd Leon Blitz Open 2020"]
[Site "chess.com INT"]
[Date "2020.07.14"]
[Round "3"]
[White "Priyanka, K"]
[Black "Mehdi, Hasan Parag"]
[Result "0-1"]
[WhiteTitle "WIM"]
[BlackTitle "FM"]
[WhiteElo "2218"]
[BlackElo "2180"]
[WhiteFideId "5082986"]
[BlackFideId "10201203"]
[EventDate "2020.07.14"]
[EventType "blitz"]

1. e4 c6 2. Nc3 d5 3. Nf3 dxe4 4. Nxe4 Nf6 5. Qe2 Nxe4 6. Qxe4 Nd7 7. Bc4 Nf6 8.
Qe2 e6 9. d4 Be7 10. Bf4 b5 11. Bd3 Bb7 12. O-O a6 13. Rfd1 O-O 14. a4 Qb6 15.
c3 Rac8 16. Be5 c5 17. axb5 axb5 18. Ng5 h6 19. Bxf6 Bxf6 20. Nh7 c4 21. Be4
Rfd8 22. Nxf6+ gxf6 23. Re1 f5 24. Bxb7 Qxb7 25. Qh5 Kf8 26. Qxh6+ Ke7 27. Qg5+
Kd7 28. Qf6 Rf8 29. d5 Kc7 30. dxe6 fxe6 31. Qe5+ Kc6 32. Qxe6+ Kc7 33. Qe5+ Kc6
34. Rad1 Rcd8 35. Qe6+ Kc7 36. Qe7+ Kc8 37. Qxb7+ Kxb7 38. Rxd8 Rxd8 39. Kf1 Rd2
40. Rb1 Kc6 41. h4 Kd5 42. Ke1 Rc2 43. g3 Ke4 44. b3 Kd3 45. bxc4 bxc4 46. h5
Rxc3 47. h6 Ra3 48. h7 Ra8 49. Rd1+ Kc2 50. Rd7 c3 51. Rg7 Rh8 52. Ke2 Kc1 53.
Rc7 c2 54. Kd3 Rd8+ 55. Ke2 Re8+ 56. Kf3 Kd1 57. Rd7+ Ke1 58. Rc7 Kd2 59. Kf4
Rh8 60. Rd7+ Ke2 61. Rc7 Kd3 62. Kxf5 Rxh7 63. Rd7+ Ke2 64. Rxh7 c1=Q 65. Re7+
Kxf2 66. g4 Kf3 67. g5 Qf4+ 68. Kg6 Kg4 69. Rf7 Qxg5+ 70. Kh7 Kh5 71. Rg7 Qd8
72. Rf7 Qd3+ 73. Kg7 Kg5 74. Re7 Qd5 75. Rf7 Qe5+ 76. Kf8 Kg6 77. Re7 Qb8+ 78.
Re8 Qd6+ 79. Kg8 Qd7 0-1

[Event "33rd Leon Blitz Open 2020"]
[Site "chess.com INT"]
[Date "2020.07.14"]
[Round "3"]
[White "Novoselski, Zoran"]
[Black "Zwardon, Vojtech"]
[Result "1/2-1/2"]
[WhiteTitle "IM"]
[BlackTitle "IM"]
[WhiteElo "2318"]
[BlackElo "2479"]
[WhiteFideId "901970"]
[BlackFideId "325511"]
[EventDate "2020.07.14"]
[EventType "blitz"]

1. e4 c5 2. Nf3 Nc6 3. Nc3 g6 4. Bc4 Bg7 5. O-O d6 6. d3 Nf6 7. h3 a6 8. a3 O-O
9. Ba2 b5 10. Nd5 Nxd5 11. Bxd5 Bb7 12. c3 e6 13. Ba2 b4 14. axb4 cxb4 15. Bd2
bxc3 16. bxc3 d5 17. exd5 exd5 18. Qb3 Na5 19. Qa3 Rb8 20. Bf4 Rc8 21. Rfc1 Nc6
22. Rab1 Qd7 23. Qb3 Na5 24. Qb6 Qa4 25. Nd4 Bxd4 26. Qxd4 Qxd4 27. cxd4 Rxc1+
28. Rxc1 Nc6 29. Bxd5 Nxd4 30. Bxb7 Ne2+ 31. Kf1 Nxf4 32. Bxa6 Rd8 33. Rd1 Ne6
34. Bc4 Nd4 35. g3 Kg7 36. Re1 Rd7 37. Kg2 f5 38. Re5 Nc2 39. h4 Kf6 40. Re6+
Kg7 41. h5 gxh5 42. Kh3 Rd4 43. Re7+ Kg6 44. f4 Nb4 45. Re6+ Kg7 46. Re3 Kg6 47.
Kh4 Rd6 48. Re1 Nc2 49. Re7 Nd4 50. Bf7+ Kf6 51. Rb7 Nf3+ 52. Kxh5 Rxd3 53. Bg8
Rd1 54. Rf7+ Ke6 55. Kh6 Rh1+ 56. Kg7 h5 57. Rf6+ Ke7 58. Rxf5 Rg1 59. Rxh5
Rxg3+ 60. Kh8 Rg4 61. f5 Ne5 62. Be6 Rg3 63. Rh7+ Kf6 64. Rh6+ Ke7 65. Kh7 Ng4
66. Rg6 Nf6+ 67. Kg7 Ne8+ 68. Kh6 Rh3+ 69. Kg5 Rh1 70. Rh6 Rg1+ 71. Kf4 Nf6 72.
Rg6 Rf1+ 73. Ke5 Re1+ 74. Kd4 Re4+ 75. Kd3 Rh4 76. Rg7+ Kd6 77. Ke2 Ke5 78. Kf2
Kf4 79. Kg2 Ng4 80. f6 Nxf6 81. Bh3 Rh6 82. Rf7 Rg6+ 83. Kf2 Ke5 84. Re7+ Kf4
85. Bg2 Ng4+ 86. Kg1 Rb6 87. Re1 Rb2 88. Rf1+ Kg3 89. Rf3+ Kh4 90. Rh3+ Kg5 91.
Rf3 Rb1+ 92. Rf1 Rb2 93. Rf3 Kg6 94. Rg3 Kf5 95. Bh3 Rb1+ 96. Kg2 Rb2+ 97. Kf1
Rb1+ 98. Ke2 Rb2+ 99. Kd1 Rb1+ 100. Kc2 Rb4 101. Kc3 Rf4 102. Bxg4+ Rxg4 103.
Rxg4 Kxg4 1/2-1/2

[Event "33rd Leon Blitz Open 2020"]
[Site "chess.com INT"]
[Date "2020.07.14"]
[Round "4"]
[White "Kovalev, Vladislav"]
[Black "Tsvetkov, Andrey"]
[Result "1-0"]
[WhiteTitle "GM"]
[BlackTitle "FM"]
[WhiteElo "2648"]
[BlackElo "2358"]
[WhiteFideId "13504398"]
[BlackFideId "34139360"]
[EventDate "2020.07.14"]
[EventType "blitz"]

1. e4 c5 2. Be2 g6 3. d3 Bg7 4. f4 Nc6 5. Nf3 d6 6. O-O Nf6 7. c3 O-O 8. Kh1 b5
9. a3 a5 10. Be3 Rb8 11. Nbd2 Qc7 12. d4 cxd4 13. cxd4 e5 14. fxe5 dxe5 15. d5
Ng4 16. Bc5 Nd4 17. Rc1 Ne3 18. Bxd4 Nxd1 19. Rxc7 exd4 20. Bxd1 1-0

[Event "33rd Leon Blitz Open 2020"]
[Site "chess.com INT"]
[Date "2020.07.14"]
[Round "4"]
[White "Sliwicki, Damian"]
[Black "Jobava, Baadur"]
[Result "1-0"]
[WhiteTitle "CM"]
[BlackTitle "GM"]
[WhiteElo "2180"]
[BlackElo "2603"]
[WhiteFideId "1127128"]
[BlackFideId "13601520"]
[EventDate "2020.07.14"]
[EventType "blitz"]

1. e4 c6 2. Nc3 d5 3. Nf3 Bg4 4. h3 Bxf3 5. Qxf3 e6 6. d3 Nd7 7. Qg3 g6 8. Bd2
h5 9. O-O-O h4 10. Qf3 Bh6 11. Bxh6 Nxh6 12. Kb1 Kf8 13. d4 Kg7 14. e5 Nf5 15.
g4 hxg3 16. fxg3 c5 17. g4 Nxd4 18. Qf4 Nc6 19. Bb5 Ndxe5 20. Bxc6 Nxc6 21. h4
Rxh4 22. Rdf1 Rxh1 23. Qxf7+ Kh6 24. g5+ Kxg5 25. Qf4+ 1-0

[Event "33rd Leon Blitz Open 2020"]
[Site "chess.com INT"]
[Date "2020.07.14"]
[Round "4"]
[White "Castillo Pena, Patricia Evarista"]
[Black "Idrisova, Roza"]
[Result "0-1"]
[WhiteTitle "WCM"]
[BlackTitle "WFM"]
[WhiteElo "1770"]
[BlackElo "1960"]
[WhiteFideId "6412106"]
[BlackFideId "4146662"]
[EventDate "2020.07.14"]
[EventType "blitz"]

1. d4 d5 2. Nf3 c6 3. e3 Nf6 4. Bd3 Bg4 5. c4 e6 6. Qb3 Qb6 7. c5 Qc7 8. Ne5 Bh5
9. O-O Nbd7 10. f4 Be7 11. Nc3 O-O 12. Bd2 b6 13. cxb6 axb6 14. Rac1 c5 15. a3
c4 16. Qa2 Qb7 17. Bc2 b5 18. Nxd7 Qxd7 19. f5 b4 20. fxe6 fxe6 0-1

[Event "33rd Leon Blitz Open 2020"]
[Site "chess.com INT"]
[Date "2020.07.14"]
[Round "4"]
[White "Hess, Robert"]
[Black "Vlassov, Nikolai"]
[Result "1-0"]
[WhiteTitle "GM"]
[BlackTitle "IM"]
[WhiteElo "2591"]
[BlackElo "2352"]
[WhiteFideId "2022036"]
[BlackFideId "4103360"]
[EventDate "2020.07.14"]
[EventType "blitz"]

1. b3 e5 2. Bb2 Nc6 3. e3 d5 4. h3 Bd6 5. g4 h5 6. Bg2 hxg4 7. Bxd5 gxh3 8. Qf3
Nf6 9. Bxc6+ bxc6 10. Nxh3 e4 11. Qg2 Kf8 12. Ng5 Rxh1+ 13. Qxh1 Kg8 14. Nc3 Bg4
15. Ncxe4 Nxe4 16. Qh7+ Kf8 17. Qxg7+ Ke8 18. Qxf7# 1-0

[Event "33rd Leon Blitz Open 2020"]
[Site "chess.com INT"]
[Date "2020.07.14"]
[Round "4"]
[White "Navalgund, Niranjan"]
[Black "Zwardon, Vojtech"]
[Result "1-0"]
[WhiteTitle "FM"]
[BlackTitle "IM"]
[WhiteElo "2289"]
[BlackElo "2479"]
[WhiteFideId "5030854"]
[BlackFideId "325511"]
[EventDate "2020.07.14"]
[EventType "blitz"]

1. d4 Nf6 2. c4 e5 3. dxe5 Ng4 4. Bf4 g5 5. Bg3 Bg7 6. Nf3 Nc6 7. h4 Ngxe5 8. e3
g4 9. Nxe5 Nxe5 10. Nc3 d6 11. h5 Be6 12. h6 Bf6 13. Nd5 Bg5 14. Be2 c6 15. Nc3
f5 16. c5 Be7 17. Qd4 Qc7 18. cxd6 Bxd6 19. O-O-O O-O-O 20. Qxa7 Nf7 21. Na4 Kd7
22. Nc5+ Ke7 23. Bh4+ 1-0

[Event "33rd Leon Blitz Open 2020"]
[Site "chess.com INT"]
[Date "2020.07.14"]
[Round "4"]
[White "Safin, Robert"]
[Black "Buksa, Nataliya"]
[Result "0-1"]
[WhiteTitle "FM"]
[BlackTitle "IM"]
[WhiteElo "2287"]
[BlackElo "2410"]
[WhiteFideId "34189120"]
[BlackFideId "14123622"]
[EventDate "2020.07.14"]
[EventType "blitz"]

1. d4 d5 2. c4 e6 3. Nf3 Nf6 4. g3 Be7 5. Bg2 O-O 6. O-O dxc4 7. Ne5 c5 8. dxc5
Qc7 9. Nxc4 Nbd7 10. b3 Rd8 11. Nbd2 Nxc5 12. Bb2 Bd7 13. Ne5 Bb5 14. Rc1 Qb6
15. a4 Ba6 16. Nec4 Bxc4 17. Rxc4 Nxb3 18. Qxb3 Rxd2 19. Qxb6 axb6 20. Bxf6 Bxf6
21. Bxb7 Rb8 22. Rfc1 Rxb7 23. Rc8+ Rd8 24. Rxd8+ Bxd8 25. Rd1 0-1